[Event "POL-chT3 Mazowiecki"]
[Site "Warsaw"]
[Date "2011.01.09"]
[Round "1.48"]
[White "Pazderski, Ziemowit"]
[Black "Posnik, Krzysztof"]
[Result "1/2-1/2"]
[WhiteElo "2219"]
[BlackElo "2196"]
[PlyCount "121"]
[EventDate "2011.01.09"]
[EventType "team-tourn"]
[EventRounds "10"]
[EventCountry "POL"]
[SourceTitle "EXT 2015"]
[Source "ChessBase"]
[SourceDate "2014.11.20"]
[SourceVersion "1"]
[SourceVersionDate "2014.11.20"]
[SourceQuality "1"]
[WhiteTeam "Zielonka Zieloni III"]
[BlackTeam "Warszawa Modus"]
[WhiteTeamCountry "POL"]
[BlackTeamCountry "POL"]

1. d4 c6 2. c4 f5 3. Bf4 Nf6 4. e3 g6 5. h3 Bg7 6. Nf3 d6 7. Be2 0-0 8. Nc3 Re8 9. 0-0 h6 10. Qc2 Nh5 11. Bh2 e5 12. dxe5 dxe5 13. Rfd1 Qe7 14. g4 e4 15. gxh5 exf3 16. Bxf3 g5 17. Rd2 Nd7 18. Rad1 Nf6 19. Ne2 Ne4 20. Rd3 g4 21. hxg4 Ng5 22. Bg2 fxg4 23. Rd6 Qf7 24. Ng3 Be6 25. b3 Be5 26. R6d2 Bxg3 27. Bxg3 Qxh5 28. Rd4 Nh3+ 29. Kf1 Ng5 30. Rd6 Nf7 31. R6d2 Ng5 32. Qb2 Qf7 33. Rd6 h5 34. Qd4 Nf3 35. Qc5 h4 36. Bf4 Qf5 37. Qxf5 Bxf5 38. Bxf3 gxf3 39. Rh6 h3 40. Rh5 Be6 41. Kg1 Rad8 42. Rd4 Kg7 43. Kh2 Rxd4 44. exd4 Bd7 45. Be5+ Kg6 46. Rh4 c5 47. Kg3 cxd4 48. Rxd4 Bc6 49. Bf4 Re2 50. Be3 Rxa2 51. Kxh3 Rb2 52. Rg4+ Kf5 53. Bxa7 Rxb3 54. Kg3 Rb1 55. Rf4+ Ke6 56. Rg4 Rg1+ 57. Kf4 Rc1 58. Ke3 Ra1 59. Bb6 Re1+ 60. Kd4 Re2 61. Kc3 1/2-1/2

[Event "Mazowieckie-chT 0506"]
[Site "Poland"]
[Date "2006.01.29"]
[Round "8"]
[White "Posnik, Krzysztof"]
[Black "Dudzik, Leszek"]
[Result "1-0"]
[WhiteElo "2178"]
[BlackElo "2000"]
[PlyCount "65"]
[EventDate "2005.10.09"]
[EventType "team-tourn"]
[EventRounds "9"]
[EventCountry "POL"]
[SourceTitle "EXT 2019"]
[Source "ChessBase"]
[SourceDate "2018.10.10"]
[SourceVersion "1"]
[SourceVersionDate "2018.10.10"]
[SourceQuality "1"]

1. d4 Nf6 2. g3 g6 3. Bg2 d5 4. Nf3 Bg7 5. 0-0 0-0 6. c3 c6 7. Bg5 Ne4 8. Bf4 Bf5 9. h3 Qb6 10. g4 Qxb2 11. gxf5 Qxa1 12. Qb3 Na6 13. f6 Bxf6 14. Nfd2 Nac5 15. dxc5 Nxc3 16. Nxc3 Qxc3 17. Qxb7 Qxc5 18. e4 e5 19. Bh6 Rfb8 20. Qd7 Rd8 21. Nb3 Qb6 22. Qg4 a5 23. Rc1 Be7 24. Bg5 Bxg5 25. Qxg5 a4 26. Nc5 d4 27. Nd3 Re8 28. Nxe5 Ra5 29. f4 d3+ 30. Kf1 d2 31. Rd1 Qe3 32. Qf6 h5 33. Qxf7+ 1-0

[Event "Mazowieckie-chT 0506"]
[Site "Poland"]
[Date "2005.12.11"]
[Round "6"]
[White "Posnik, Krzysztof"]
[Black "Brinovec, Franc Jr"]
[Result "1/2-1/2"]
[WhiteElo "2178"]
[BlackElo "2200"]
[PlyCount "102"]
[EventDate "2005.10.09"]
[EventType "team-tourn"]
[EventRounds "9"]
[EventCountry "POL"]
[SourceTitle "EXT 2019"]
[Source "ChessBase"]
[SourceDate "2018.10.10"]
[SourceVersion "1"]
[SourceVersionDate "2018.10.10"]
[SourceQuality "1"]

1. d4 d5 2. Nf3 Nf6 3. c4 dxc4 4. Nc3 Bf5 5. Qa4+ c6 6. Qxc4 h6 7. g3 Nbd7 8. Bg2 e6 9. 0-0 Qa5 10. Ne5 Qb4 11. e4 Bh7 12. Qxb4 Bxb4 13. Nxd7 Nxd7 14. a3 Be7 15. Be3 e5 16. f4 exd4 17. Bxd4 Bc5 18. Rad1 Rd8 19. Bh3 Ke7 20. Bxd7 Bxd4+ 21. Rxd4 Rxd7 22. Rxd7+ Kxd7 23. Rd1+ Kc7 24. Kf2 b5 25. b4 a5 26. Ke3 Ra8 27. Kd4 Kb6 28. Rc1 f6 29. g4 axb4 30. axb4 Rd8+ 31. Ke3 Bg8 32. Ne2 Bc4 33. Nd4 c5 34. bxc5+ Kb7 35. Rb1 Ka6 36. Ra1+ Kb7 37. Rb1 Ka6 38. h4 Rc8 39. Ra1+ Kb7 40. c6+ Kb6 41. g5 hxg5 42. hxg5 fxg5 43. f5 b4 44. Ra4 Kc5 45. Ra7 Re8 46. Rb7 g4 47. c7 Rc8 48. Ne6+ Bxe6 49. fxe6 Kd6 50. Rxb4 Rxc7 51. Rb6+ Ke5 1/2-1/2

[Event "Warsaw Cup"]
[Site "Warsaw"]
[Date "1987.??.??"]
[Round "2"]
[White "Brustman, Agnieszka"]
[Black "Posnik, Krzysztof"]
[Result "1-0"]
[WhiteElo "2335"]
[BlackElo "2230"]
[PlyCount "59"]
[EventDate "1987.04.??"]
[EventType "swiss"]
[EventRounds "11"]
[EventCountry "POL"]
[SourceTitle "EXT 2001"]
[Source "ChessBase"]
[SourceDate "2000.11.22"]
[SourceVersion "1"]
[SourceVersionDate "2000.11.22"]
[SourceQuality "1"]

1. e4 c6 2. d4 d5 3. Nd2 dxe4 4. Nxe4 Nf6 5. Nxf6+ gxf6 6. Qd3 Qb6 7. Ne2 Na6 8. c3 h5 9. Nf4 Bd7 10. Be2 0-0-0 11. Nxh5 Bh6 12. 0-0 Rdg8 13. b4 Bxc1 14. Rfxc1 Rg5 15. Ng3 Qc7 16. Qe3 e6 17. a4 Nb8 18. c4 Rg6 19. b5 f5 20. f4 Rh4 21. Rf1 Rgh6 22. h3 Rh8 23. a5 Qd6 24. c5 Qd5 25. Bf3 Qc4 26. b6 axb6 27. axb6 f6 28. Ra8 e5 29. Qa3 Qxd4+ 30. Kh2 1-0

[Event "Warsaw Cup"]
[Site "Warsaw"]
[Date "1987.??.??"]
[Round "4"]
[White "Posnik, Krzysztof"]
[Black "Maciejewski, Miroslaw"]
[Result "0-1"]
[WhiteElo "2230"]
[BlackElo "2285"]
[PlyCount "56"]
[EventDate "1987.04.??"]
[EventType "swiss"]
[EventRounds "11"]
[EventCountry "POL"]
[SourceTitle "EXT 2001"]
[Source "ChessBase"]
[SourceDate "2000.11.22"]
[SourceVersion "1"]
[SourceVersionDate "2000.11.22"]
[SourceQuality "1"]

1. d4 Nf6 2. Nf3 c5 3. c3 e6 4. g3 b6 5. Bg2 Bb7 6. 0-0 Be7 7. Bg5 d6 8. Nbd2 Nbd7 9. Qa4 0-0 10. Rfe1 h6 11. Bxf6 Nxf6 12. e4 a6 13. e5 b5 14. Qc2 dxe5 15. dxe5 Nd5 16. Ne4 Qc7 17. Rad1 Rfd8 18. Qe2 Nb6 19. g4 Rxd1 20. Rxd1 Rd8 21. Rxd8+ Qxd8 22. Nfd2 Nd5 23. Qf3 c4 24. Nf1 Qc7 25. Qg3 g5 26. Qh3 Nf4 27. Qxh6 Qxe5 28. f3 Bxe4 0-1

[Event "Warsaw Cup"]
[Site "Warsaw"]
[Date "1987.??.??"]
[Round "8"]
[White "Posnik, Krzysztof"]
[Black "Packo, Krzysztof"]
[Result "1-0"]
[WhiteElo "2230"]
[BlackElo "2275"]
[PlyCount "91"]
[EventDate "1987.04.??"]
[EventType "swiss"]
[EventRounds "11"]
[EventCountry "POL"]
[SourceTitle "EXT 2001"]
[Source "ChessBase"]
[SourceDate "2000.11.22"]
[SourceVersion "1"]
[SourceVersionDate "2000.11.22"]
[SourceQuality "1"]

1. d4 Nf6 2. Nf3 g6 3. g3 Bg7 4. Bg2 0-0 5. c4 c5 6. 0-0 cxd4 7. Nxd4 Nc6 8. Nc3 Nxd4 9. Qxd4 d6 10. Qh4 Qb6 11. Rb1 Be6 12. b3 Ng4 13. Nd5 Bxd5 14. Bxd5 Nf6 15. Bg2 Rab8 16. Bg5 Qa5 17. a4 a6 18. Rbd1 Rfc8 19. Bd2 Qe5 20. Be3 Qa5 21. Ba7 Qe5 22. Qf4 Qxe2 23. Bf3 Qa2 24. Bxb8 Rxb8 25. c5 e5 26. Qc1 e4 27. Rd2 Bh6 28. Rxa2 Bxc1 29. Be2 Bh6 30. cxd6 Rd8 31. Rd1 Bf8 32. Rad2 Rd7 33. Rd4 Kg7 34. Kg2 h5 35. Bc4 g5 36. a5 Kg6 37. b4 Kf5 38. b5 axb5 39. Bxb5 Rd8 40. Be2 Ke5 41. Rb4 Bxd6 42. Rb5+ Ke6 43. Bc4+ Ke7 44. Rxb7+ Rd7 45. Rxd7+ Nxd7 46. Bxf7 1-0